Central Library OPAC University of Rajshahi

Television : (Record no. 52858)

MARC details
000 -LEADER
fixed length control field 00867nam a2200277 a 4500
001 - CONTROL NUMBER
control field 52858
003 - CONTROL NUMBER IDENTIFIER
rucl marc code BD-RjUL
005 - DATE AND TIME OF LATEST TRANSACTION
control field 20211209075854.0
008 - FIXED-LENGTH DATA ELEMENTS--GENERAL INFORMATION
fixed length control field 190224s1954 nyua 000 0 eng
035 ## - SYSTEM CONTROL NUMBER
System control number (BD-RjUL)52978
System control number (OCoLC)563608
040 ## - CATALOGING SOURCE
Original cataloging agency DLC
Transcribing agency ODaWU
Modifying agency OCoLC
-- Uk
-- DLC
-- BD-RjUL
Language of cataloging eng
041 ## - LANGUAGE CODE
Language code of text/sound track or separate title eng
082 ## - DEWEY DECIMAL CLASSIFICATION NUMBER
Edition number 23
Classification number 621.388
Author mark and year ZWT 1954
100 1# - MAIN ENTRY--PERSONAL NAME
Personal name Zworykin, V. K.
Fuller form of name (Vladimir Kosma),
Dates associated with a name 1889-1982.
9 (RLIN) 228512
245 10 - TITLE STATEMENT
Title Television :
Remainder of title the electronics of image transmission in color and monochrome /
Statement of responsibility, etc. [by] V.K. Zworykin [and] G.A. Morton.
250 ## - EDITION STATEMENT
Edition statement 2d ed.
260 ## - PUBLICATION, DISTRIBUTION, ETC. (IMPRINT)
Place of publication, distribution, etc. New York :
Name of publisher, distributor, etc. J. Wiley
Date of publication, distribution, etc. 1954.
300 ## - PHYSICAL DESCRIPTION
Pagination 1037 p.:
Illustrations illus.;
Size 24 cm.
650 #0 - SUBJECT ADDED ENTRY--TOPICAL TERM
Topical term or geographic name as entry element Television.
9 (RLIN) 228513
700 1# - ADDED ENTRY--PERSONAL NAME
Personal name Morton, George Ashmun,
Dates associated with a name 1903-
942 ## - ADDED ENTRY ELEMENTS (KOHA)
Source of classification or shelving scheme Dewey Decimal Classification
Koha item type Books
Holdings
Lost status Source of classification or shelving scheme Damaged status Not for loan Collection code Permanent Location Current Location Shelving location Date acquired Source of acquisition Cost, normal purchase price Total Checkouts Full call number Date last seen Copy number Koha item type
  Dewey Decimal Classification   Not For Loan Non-fiction Central Library, University of Rajshahi Central Library, University of Rajshahi Reading Room 04/11/1965 Zeitlinger 172.00   621.388 ZWT 1954 24/02/2019 C-1 Books